Né en Provence-Alpes-Côte d'Azur (sans Marseille et Nice) - Statistiques

Statistiques générales
  • Ce quiz a été pris 57 fois
    19 depuis la dernière actualisation
  • Le résultat moyen est 6 sur 25
Statistiques - réponses
Indication Réponse % Correct
Peintre, "La Montagne Sainte-Victoire" "Portrait de Madame Cézanne" Aix-en-Provence 1839 Paul Cézanne
93%
Chanteur, "On s'attache" "Dingue, dingue, dingue" Il est où le bonheur" Carpentras 1975 Christophe Maé
80%
Écrivain, dramaturge, cinéaste et producteur, "Triologie marseillaise" "Manon des cources" "La femme du boulanger" Aubagne 1895 Marcel Pagnol
80%
Actrice et humoriste, "Qu'est-ce qu'on a fait au Bon Dieu?" "Astérix et Obélix: Mission Cléopâtre" Gap 1948 Chantal Lauby
40%
Grand couturier avec les initiales "CL" Arles 1951 Christian Lacroix
40%
Rappeur et acteur, "On Verra" "Tempête" La Trinité 1990 Nekfeu
40%
Cofondateur de Médecins sans frontières et ministre de affaires étrangères et européenes de 2007 à 2010 Avignon 1939 Bernard Kouchner
33%
Chanteuse, "Bravo tu as gagné" "La Paloma ade" "Une femme amoureuse" Avignon 1946 Mireille Mathieu
33%
Footballeuse internationale qui est la meilleure buteuse de l'histoire de l'Équipe de France (Lyon) Grasse 1989 Eugénie Le Sommer
27%
Ancien pilote automobile qui a notamment participé druant treize saisons au championnate du monde de Formule 1 Avignon 1964 Jean Alesi
27%
Chanteuse et actrice, "Non non non (Écouter Barbara)" Toulon 1992 Camélia Jordana
13%
Coureur cycliste et champion d'Europe sur route 2023 La Seyne-sur-Mer 1992 Christophe Laporte
13%
Acteur et chanteur, "Les Choristes" Brignoles 1990 Jean-Baptiste Maunier
13%
Disc jockey et musicien, "This Girl" "Don't You Know" Toulon 1996 Kungs
13%
Écrivain, "Pont de la rivière Kwai" "La Planète des singes" Avignon 1912 Pierre Boulle
13%
Footballeur international français (Parme, Naples et Marseille) Digne-les-Bains 1970 Alain Boghossian
7%
Footballeuse internationale française (Real Madrid) Orange 2000 Maëlle Lakrar
7%
Footballauese internationale française (PSG) Salon-de-Provence 1996 Sakina Karchaoui
7%
Empereur romain de 337 à 340 Arles 316 Constantin II
0%
Handballeur international français (PSG) Istres 1998 Elohim Prandi
0%
Chanteuse, "Don't Be So Shy" "You Will Never Know" Martigues 1979 Imany
0%
Chanteur et ancien membre de duo de musique "Peter et Sloane" Toulon 1949 Jean-Pierre Savelli
0%
Ancien footballeur international français (Werder Brême, Bordeaux, Parme et Cannes) Cannes 1973 Johan Micoud
0%
Footballeur international français (Fulham, en prêt du PSG) Fréjus 1992 Layvin Kurzawa
0%
Gardienne de but internationale française (Paris Saint-Germain) Cannes 1986 Sarah Bouhhadi
0%
Aucun quiz correspondant
Distribution des résultats
% des personnes avec chaque résultat
Percentile par nombre de réponses
Votre historique - résultats
Vous n’avez pas pris ce quiz depuis la dernière actualisation